Discutir sentidos: la lectura literaria en la escuela
Gespeichert in:
| 1. Verfasser: | |
|---|---|
| Format: | Buch |
| Sprache: | Spanisch |
| Veröffentlicht: |
Buenos Aires
Libros del Zorzal
2006
|
| Ausgabe: | 1a. ed |
| Schriftenreihe: | Formación Docente. Lengua y Literatura, 2
|
| Schlagworte: | |
| Tags: |
Tag hinzufügen
Keine Tags, Fügen Sie den ersten Tag hinzu!
|
MARC
| LEADER | 00000cam a2200000 a 4500 | ||
|---|---|---|---|
| 001 | UCD7593 | ||
| 003 | CL-VaPUC | ||
| 008 | 170331e20060000ag |||||||||||||||||spa|d | ||
| 020 | |a 9875990191 | ||
| 082 | 0 | 4 | |a 371.1 |b CUE |2 21 |
| 100 | 0 | |a Cuesta, Carolina |e author |9 591596 | |
| 245 | 1 | 0 | |a Discutir sentidos: la lectura literaria en la escuela |
| 250 | |a 1a. ed | ||
| 300 | |a 112 p | ||
| 942 | |c BK | ||
| 945 | |d 20170331 00:58:00 |a dcastane | ||
| 260 | |a Buenos Aires |b Libros del Zorzal |c 2006 | ||
| 650 | 0 | |a Formación docente |9 494449 | |
| 650 | 0 | |a Enseñanza de la literatura |9 283372 | |
| 583 | |a last modification |c 20170331 00:58:00 |k Rodrigo Vera | ||
| 490 | 0 | |a Formación Docente. Lengua y Literatura, 2 | |
| 999 | |c 367569 |d 367567 | ||
| 952 | |0 0 |1 0 |3 erb |4 0 |6 371_100000000000000_CUE_2006 |7 0 |8 A |9 482542 |a BIBEDU |b BIBEDU |i 5370302 |o 371.1 CUE 2006 |p 5370302 |r 2019-11-24 |w 2019-11-24 |y BK |z Catalogado en:20170331 |k EBA | ||
| 952 | |0 0 |1 0 |3 erb |4 0 |6 371_100000000000000_CUE_2006 |7 0 |8 A |9 482543 |a BIBEDU |b BIBEDU |i 5370299 |o 371.1 CUE 2006 |p 5370299 |r 2019-11-24 |w 2019-11-24 |y BK |z Catalogado en:20170331 |k EBA | ||
| 952 | |0 0 |1 0 |3 erb |4 0 |6 371_100000000000000_CUE_2006 |7 0 |8 A |9 482544 |a BIBEDU |b BIBEDU |i 5370280 |o 371.1 CUE 2006 |p 5370280 |r 2019-11-24 |w 2019-11-24 |y BK |z Catalogado en:20170331 |k EBA | ||